00423nam a22001577a 4500003000500000005001700005008004100022020001800063040000600081082001600087100002500103245004700128260003200175300001400207650004400221CEME20210628203245.0210302b xxu||||| |||| 00| 0 eng d a0-8273-3227-0 c. a621.042 SCH aSchwaller, Anthony E aTransportation energy and power technology aNEW YORKbMCGRAW HILLc1989 aXIII,417P aTRANSPORTATION ENERGY, POWER TECHNOLOGY